Shakespeare's Sonnet 104 Quiz Stats

Quiz not verified by Sporcle

Challenge
Share
Tweet
Embed
Score 0/117 Timer 10:00
0 Plays Today
% Correct
a
90.3%
I
88.9%
I
88.9%
I
88.9%
the
87.5%
the
87.5%
To
83.3%
to
83.3%
and
79.2%
and
79.2%
you
76.4%
you
76.4%
you
76.4%
you
76.4%
be
73.6%
be
73.6%
For
70.8%
For
70.8%
In
69.4%
in
69.4%
me,
68.1%
as
62.5%
your
61.1%
your
61.1%
of
61.1%
your
61.1%
of
61.1%
when
59.7%
are
58.3%
no
54.2%
can
51.4%
from
51.4%
from
51.4%
never
47.2%
were
47.2%
were
47.2%
So
45.8%
this
45.8%
Have
44.4%
% Correct
have
44.4%
thou
43.1%
eye
41.7%
eye
41.7%
beauty
40.3%
beauty
40.3%
Hath
40.3%
was
40.3%
fair
37.5%
old,
37.5%
first
37.5%
first
37.5%
which
36.1%
doth
36.1%
which
36.1%
doth
36.1%
mine
36.1%
which,
36.1%
summer
36.1%
friend,
34.7%
Three
34.7%
winters
34.7%
cold,
34.7%
three
34.7%
Three
34.7%
Three
34.7%
three
34.7%
like
34.7%
may
34.7%
autumn
33.3%
summers'
31.9%
seen,
31.9%
yet
31.9%
yet
31.9%
Ere
31.9%
dead.
31.9%
ey'd,
30.6%
springs
30.6%
yellow
30.6%
% Correct
hot
30.6%
saw
30.6%
sweet
30.6%
beauty's
30.6%
Such
29.2%
still.
29.2%
forests
29.2%
beauteous
29.2%
April
29.2%
Junes
29.2%
Since
29.2%
Ah!
29.2%
his
29.2%
still
29.2%
seems
27.8%
shook
27.8%
turned,
27.8%
seasons
27.8%
fresh,
27.8%
deceived:
27.8%
unbred:
27.8%
pride,
26.4%
perfumes
26.4%
burned,
26.4%
green.
26.4%
dial-hand,
26.4%
Steal
26.4%
born
26.4%
pace
25%
hue,
25%
figure,
23.6%
perceived;
23.6%
hear
23.6%
process
22.2%
methinks
22.2%
motion,
22.2%
age
22.2%
stand,
20.8%
fear
20.8%

You're not logged in!

Compare scores with friends on all Sporcle quizzes.
Sign Up with Email
OR
Log In

You Might Also Like...

Show Comments

Extras

Top Quizzes Today


Score Distribution

Your Account Isn't Verified!

In order to create a playlist on Sporcle, you need to verify the email address you used during registration. Go to your Sporcle Settings to finish the process.